Państwa Europy najbardziej przyjazne osobom LGBT 2022 - Statystyki

Ogólne statystyki
  • Ten quiz został rozwiązany 121 razy
  • Średni wynik to 12 z 15
Statystyki odpowiedzi
% zdobytych punktów Państwo % Poprawnych
62 Hiszpania
94%
64 Francja
93%
68 Norwegia
91%
56 Holandia
89%
62 Portugalia
89%
68 Szwecja
89%
72 Belgia
88%
60 Finlandia
85%
53 Wielka Brytania
85%
74 Dania
82%
63 Islandia
76%
68 Luksemburg
76%
53 Irlandia
72%
92 Malta
48%
63 Czarnogóra
21%
Nie znaleziono quizów pasujących do podanych kryteriów
Rozkład punktacji
Procent ludzi z każdym wynikiem
Percentyl według liczby udzielonych odpowiedzi
Twoja historia wyników
Nie rozwiązałeś tego quizu